Commonwealth Games Hosts Map Quiz - Statistics

General Stats
  • This quiz has been taken 111 times
  • The average score is 16 of 19
Answers on the Map
Answers color-coded by a green-red scale on the quiz's map according to % correct below.
 
Answer Stats
Year Host % Correct
1938  Sydney
100%
2006 Melbourne
99%
1934  London
98%
2002 Manchester
96%
1950, 1990 Auckland
95%
2010 Delhi
93%
1962  Perth
93%
2014 Glasgow
92%
1954 Vancouver
91%
1970, 1986 Edinburgh
88%
1958  Cardiff
87%
1998  Kuala Lumpur
86%
1982 Brisbane
85%
1966 Kingston
84%
1974 Christchurch
82%
2018 Gold Coast
78%
1978 Edmonton
68%
1994 Victoria
48%
1930 Hamilton
42%
No matching quizzes found
Score Distribution
Percent of People with Each Score
Percentile by Number Answered
Your Score History
You have not taken this quiz